000 00662nam a2200193Ia 4500
003 GCL
008 140319s9999 xx 000 0 ara d
040 _aGCL /
_cGCL
082 0 4 _aق
_b962.04
_bص م
100 1 _aصلاح الدين ذهنى
245 1 0 _aمصر بين الاحتلال والثورة /
_cصلاح الدين ذهنى
300 _a176 ص
490 _a100 قصة
_v0
650 0 4 _aالاحوال الاجتماعية
650 0 4 _aالاحتلال البريطانى
650 0 4 _aمصر - تاريخ - العصر الحديث - ثورة 1919
650 0 4 _aمصر - تاريخ - العصر الحديث (1805 - 1956 )
942 _2ddc
_cBK
999 _c45695
_d45695